000 00316nam a22001337a 4500
008 170130b xxu||||| |||| 00| 0 eng d
020 _a9780132439930
041 _aeng
080 _26TH
_a61
100 _a3
101 _aSHMI
245 _aINSTRUCTOR'S RESOURCE MANUL MEDICAL TERMINOLOGY
_cRICE, J
942 _2udc
_cBK
999 _c4025
_d4025